Irrigación y drenaje del encefalo - Estadísticas

Estadísticas generales
  • Esta prueba ha sido intentada 13 veces
    9 desde el último reinicio
  • La puntuación promedio es 6 de 12
Estadísticas de respuestas
Imagen Respuesta % Correcto
Arteria basilar
100%
Arteria cerebral anterior
100%
Arteria cerebral media
100%
Arteria cerebral posterior
100%
Arteria comunicante anterior
100%
Arteria comunicante posterior
100%
Arteria vertebral
100%
Seno petroso inferior
100%
Seno recto
100%
Arterias pontinas
50%
Seno occipital
50%
Seno transverso
50%
Arteria carótida interna
0%
Arteria cerebelar inferior anterior
0%
Arteria cerebelar inferior posterior
0%
Arteria cerebelar superior
0%
Arteria coroidea anterior
0%
Arteria del surco central
0%
Arteria del surco lateral
0%
Arteria espinal anterior
0%
Arteria laberíntica
0%
Arteria orbitofrontal lateral
0%
Arteria pericallosa
0%
Arteria prefrontal
0%
Círculo arterial cerebral
0%
Confluencia de Herófilo
0%
Seno cavernoso
0%
Seno esfenoparietal
0%
Seno petroso superior
0%
Seno sagital inferior
0%
Seno sagital superior
0%
Seno sigmoideo
0%
Vena basal
0%
Vena bulbar
0%
Vena cerebelosa superior
0%
Vena cerebral magna
0%
Vena yugular interna
0%
No se encontraron pruebas coincidentes
Distribución de puntuación
Porcentaje de gente con cada puntuación
Porcentaje por número respondido
Historial de tus puntuaciones
No has intentado esta prueba desde el último reinicio